| 000 | 01000nam a2200289 4500 | ||
|---|---|---|---|
| 001 | 0000015084 | ||
| 003 | CO-CtgCURN | ||
| 005 | 20250329191009.0 | ||
| 007 | ta | ||
| 008 | 160627s1997 000 0 eng d | ||
| 020 | _a9586006891 | ||
| 040 |
_aCO-CtgCURN _bspa _ccoctgcurn |
||
| 082 | 0 |
_a658.2 _bH37t |
|
| 100 | 1 | _aHerman, Roger E. | |
| 245 | 1 | 0 |
_aTurbulencia : _bretos y oportunidades en el mundo del trabajo ·esta usted preparado para el futuro? / _cRoger E. Herman. |
| 260 |
_aBogotá : _bMcGraw-Hill, _c1997. |
||
| 300 | _axx, 216 p. | ||
| 336 | _2rdacontent | ||
| 337 |
_2rdamedia _asin mediacion _bn |
||
| 338 |
_2rdacarrier _avolumen _bnc |
||
| 490 | 1 | _aMcGraw Hill. Nuevos temas empresariales management siglo XXI | |
| 505 | 8 | _aTendencias.--Factores influyentes.--Pronosticos.--Implicaciones y oportunidades | |
| 650 | 1 | 4 |
_aTrabajo _ySiglo XXI. |
| 908 | _a160627 | ||
| 942 |
_cBK _h658.2 _iH37t _2ddc |
||
| 999 |
_c10665 _d10665 |
||